| 000 | 00711nam a2200229 4500 | ||
|---|---|---|---|
| 003 | OSt | ||
| 005 | 20240726003610.0 | ||
| 006 | a | ||
| 008 | 240726b |||||||| |||| 00| 0 eng d | ||
| 020 | _a9780763750268 | ||
| 040 |
_aDWCL-HMN lib. _cOC |
||
| 082 |
_2Second edition _aCirc. 174.2 P458q 2008 |
||
| 100 | _aPerrin, Kathleen Ouimet | ||
| 245 | _aQuick look nursing: ethics and conflict / | ||
| 250 | _aSecond edition | ||
| 260 |
_aSudbury, Mass. : _bJones and Bartlett Pub., _cc2008. |
||
| 300 |
_axi, _b257 p. ; _c23 cm. |
||
| 504 | _aIncludes bibliographical references & index. | ||
| 650 | _a1. Nursing ethics. | ||
| 650 | _a2. Medical ethics. | ||
| 942 |
_2ddc _n0 _cBK-CIRC _eSecond edition _kCirc. |
||
| 999 |
_c2759 _d2759 |
||